Reconnais tu ces légendes du football ? - Statistiques

Statistiques générales
  • Ce quiz a été pris 68 fois
  • Le résultat moyen est 57 sur 66
Statistiques - réponses
Par images Réponse % Correct
Maradona
100%
Mbappé
100%
Modric
100%
Neymar
100%
Pelé
100%
Ronaldo
100%
Ronaldo
100%
Yamal
100%
Zidane
100%
Dembélé
98%
Messi
98%
Haaland
97%
Ronaldinho
97%
Salah
97%
Bellingham
93%
Benzema
93%
Cruyff
93%
Di Maria
93%
Donnarumma
93%
Hakimi
93%
Ibrahimovic
93%
Kane
93%
Beckham
91%
De Bruyne
91%
Griezmann
91%
Henry
91%
Maldini
91%
Neuer
91%
Ramos
91%
Suarez
91%
Vitinha
91%
Iniesta
90%
Kaka
90%
Kroos
88%
Silva
88%
Son
88%
Van Dijk
88%
Doué
86%
Drogba
86%
Martinez
86%
Palmer
86%
Raphinha
86%
Rice
86%
Rooney
86%
Rashford
84%
Vinicius
84%
Bâle
83%
Ribéry
83%
Musiala
81%
Klose
79%
Puskas
78%
Aguero
76%
Alvarez
76%
Buffon
76%
Muller
76%
Pedri
76%
Rivaldo
76%
Valverde
76%
Casemiro
74%
Gyokeres
74%
Carlos
72%
Leao
72%
Weah
66%
Guirassy
64%
Dumfries
62%
Raul
59%
Aucun quiz correspondant
Distribution des résultats
% des personnes avec chaque résultat
Percentile par nombre de réponses
Votre historique - résultats
Vous n’avez pas pris ce quiz